ऋगवेद -मन्त्रानुक्रमनिका / (Record no. 122342)

MARC details
000 -LEADER
fixed length control field 00950nam a22002417a 4500
010 ## - LIBRARY OF CONGRESS CONTROL NUMBER
LC control number 462649
020 ## - INTERNATIONAL STANDARD BOOK NUMBER
Terms of availability 00.00
035 ## - SYSTEM CONTROL NUMBER
System control number 462649
037 ## - SOURCE OF ACQUISITION
Stock number Cen Lib / Ret
040 ## - CATALOGING SOURCE
Original cataloging agency DPL
Language of cataloging HN
082 ## - DEWEY DECIMAL CLASSIFICATION NUMBER
Classification number 016.22021
Item number विश्वब
245 ## - TITLE STATEMENT
Title ऋगवेद -मन्त्रानुक्रमनिका /
Remainder of title विश्वबन्धु
246 ## - VARYING FORM OF TITLE
Title proper/short title index the Rigved-Mantras /
Remainder of title by Vishva Bandhu
260 ## - PUBLICATION, DISTRIBUTION, ETC. (IMPRINT)
Place of publication, distribution, etc होशियारपुर
Name of publisher, distributor, etc विश्वेश्वरानन्द संस्थानम
Date of publication, distribution, etc 1966
270 ## - ADDRESS
City होशियारपुर
Address विश्वेश्वरानन्द संस्थानम
300 ## - PHYSICAL DESCRIPTION
Extent 140p.
Other physical details 22cm.
490 ## - SERIES STATEMENT
Series statement विश्वेश्वरानन्द संस्थानम
Volume number/sequential designation 396
650 ## - SUBJECT ADDED ENTRY--TOPICAL TERM
Topical term or geographic name as entry element ऋगवेद
650 ## - SUBJECT ADDED ENTRY--TOPICAL TERM
Topical term or geographic name as entry element वेद
650 ## - SUBJECT ADDED ENTRY--TOPICAL TERM
Topical term or geographic name as entry element Rigveda
650 ## - SUBJECT ADDED ENTRY--TOPICAL TERM
Topical term or geographic name as entry element Veda
942 ## - ADDED ENTRY ELEMENTS (KOHA)
Source of classification or shelving scheme Dewey Decimal Classification
Koha item type Hindi Books
Classification part 016.22021
Call number suffix विश्वब
Holdings
Withdrawn status Lost status Damaged status Not for loan Collection code Home library Current library Date acquired Source of acquisition Cost, normal purchase price Total Checkouts Full call number Barcode Date last seen Copy number Cost, replacement price Price effective from Koha item type
      Not For Loan Reference Central Library Central Library 15/03/2016 Cen Lib/Ret 0.00   016.22021 विश्वब 462649 15/03/2016 1 0.00 15/03/2016 Hindi Books

© Delhi Public Library
Hit Counter
free hit counter